Missing Word: Art Quiz Stats

 Plays Quiz Updated Mar 21, 2016

Score 0/20 Timer 04:00
0 Plays Today
Work of Art Missing word % Correct
____ LisaMona
99.9%
Moulin _____ : La GoulueRouge
83.6%
Ceiling of the _______ ChapelSistine
71.8%
Girl with a _____ EarringPearl
68.4%
_____ de Milo Venus
66%
_____ Lilies (or Nympheas)Water
62%
American ______Gothic
54.4%
_________ Soup CansCampbell's
52.2%
The _____ of VenusBirth
49.5%
The _____ WatchNight
42.7%
Work of Art Missing word % Correct
The _____ GracesThree
37.9%
Vase with Fifteen __________Sunflowers
33.9%
The Persistence of ______Memory
33.5%
The Great ____ off KanagawaWave
17.9%
The Card _______Players
17.2%
The ___ GuitaristOld
12%
The _______ of St TeresaEcstasy
11.1%
Luncheon of the ______- PartyBoating
10.6%
Red, White and _____Brown
8.6%
Self-Portrait with Thorn ________ and HummingbirdNecklace
5.1%

Today's Daily Dose

Missing Word
'A' in Video Games

Quick Pick
'P' Food

Get the Picture
France vs. Germany

You're not logged in!

Compare scores with friends on all Sporcle quizzes.
OR
Log In

Sporcle TV

Today on Sporcle TV


Watch our educational content, quiz creation guides, and fun videos on Sporcle TV.

Show Comments

Extras

Top Quizzes Today


Score Distribution

Your Account Isn't Verified!

In order to create a playlist on Sporcle, you need to verify the email address you used during registration. Go to your Sporcle Settings to finish the process.

Report this User

Report this user for behavior that violates our Community Guidelines.

Details: